000 002790000a22001210004500
082 0 4 _aR 030 B751a
100 1 _aBrenson Lazán, Gilvert
245 1 0 _aY ahora... ¿cómo hago? / Gilbert Brenson Lazán
260 _aQuito : Eirene
300 _a37 P.
001 1371
942 _cLGB
999 _c48538
_d48538